[Event "VI Open Capo d'Orso"]
[Site "Portomannu - Palau ITA"]
[Date "2014.06.07"]
[Round "7"]
[White "Marin, Mihail"]
[Black "Schandorff, Lars"]
[WhiteElo "2578"]
[BlackElo "2524"]
[Result "0-1"]
[PlyCount "84"]
[EventDate "2014.06.07"]

1. d4 d5 2. c4 c6 3. Nf3 Nf6 4. Nc3 e6 5. g3 dxc4 6. Bg2 Nbd7 7. O-O b5 8. e4
Bb7 9. e5 Nd5 10. Ng5 Nxc3 11. bxc3 Nb6 12. Qh5 Qd7 13. Re1 Nd5 14. Ne4 a5 15.
a4 b4 16. Bb2 Be7 17. Rad1 O-O 18. Nc5 Qc8 19. Be4 g6 20. Qf3 Qc7 21. h4 Rad8
22. h5 Bxc5 23. dxc5 Qe7 24. Rd4 Qxc5 25. h6 Qe7 26. cxb4 axb4 27. Rxc4 c5 28.
Rec1 Rc8 29. R1c2 Rfd8 30. Bc1 Ba6 31. Qg4 Bxc4 32. Rxc4 f5 33. exf6 Nxf6 34.
Qg5 Rd4 35. Bxg6 hxg6 36. Qxg6+ Kh8 37. Bg5 Rf8 38. Rxc5 Qf7 39. Qc2 Nd5 40.
Qe2 Qf5 41. Be7 Rf7 42. Bd6 Kh7 0-1

[Event "VI Open Capo d'Orso"]
[Site "Portomannu - Palau ITA"]
[Date "2014.06.07"]
[Round "7"]
[White "Movileanu, Daniela"]
[Black "Ziegler, Ari"]
[WhiteElo "2076"]
[BlackElo "2330"]
[Result "0-1"]
[PlyCount "64"]
[EventDate "2014.06.07"]

1. e4 c5 2. Nf3 e6 3. d4 cxd4 4. Nxd4 a6 5. c4 Nf6 6. Nc3 Bb4 7. Bd3 Qc7 8. O-O
h5 9. Nde2 Nc6 10. Bf4 Ne5 11. Kh1 Bd6 12. Bxe5 Bxe5 13. f4 Ng4 14. fxe5 Qxe5
15. Nf4 g5 16. Qf3 gxf4 17. Qxf4 Qxf4 18. Rxf4 Ne5 19. Be2 h4 20. c5 Ke7 21.
Rd1 b5 22. cxb6 Bb7 23. Rf2 h3 24. g4 Rac8 25. Rf4 Rc6 26. Rg1 Rxb6 27. b3 Rb4
28. Rgf1 Rd4 29. Kg1 Rd2 30. Kf2 Rc2 31. Ke3 Rxc3+ 32. Kd4 Rhc8 0-1

[Event "VI Open Capo d'Orso"]
[Site "Portomannu - Palau ITA"]
[Date "2014.06.07"]
[Round "7"]
[White "Ni, Hua"]
[Black "Teh, Eu Wen Aron"]
[WhiteElo "2653"]
[BlackElo "2228"]
[Result "1-0"]
[PlyCount "69"]
[EventDate "2014.06.07"]

1. b3 Nf6 2. Bb2 e6 3. e3 b6 4. f4 Bb7 5. Nf3 Be7 6. Bd3 c5 7. O-O d6 8. Nc3
Nc6 9. a3 a6 10. Qe1 Qc7 11. Qg3 Rg8 12. Qh3 h6 13. Rae1 O-O-O 14. f5 Qd7 15.
e4 Rge8 16. fxe6 fxe6 17. e5 dxe5 18. Na4 Kc7 19. Nxe5 Nxe5 20. Bxe5+ Bd6 21.
Qg3 Re7 22. Nb2 b5 23. b4 c4 24. Bxc4 bxc4 25. Nxc4 Ne8 26. Nxd6 Nxd6 27. Re3
Bd5 28. Rd3 Kb7 29. Bxd6 Qxd6 30. Qxd6 Rxd6 31. c4 Bxc4 32. Rxd6 Bxf1 33. Kxf1
e5 34. Ke2 Rf7 35. Re6 1-0

[Event "VI Open Capo d'Orso"]
[Site "Portomannu - Palau ITA"]
[Date "2014.06.07"]
[Round "7"]
[White "Nohr, Finn"]
[Black "Schneider, Stefan"]
[WhiteElo "2080"]
[BlackElo "2362"]
[Result "0-1"]
[PlyCount "88"]
[EventDate "2014.06.07"]

1. e4 e6 2. d4 d5 3. Nc3 Nf6 4. e5 Nfd7 5. f4 c5 6. Nf3 Nc6 7. Be3 Be7 8. Qd2
O-O 9. O-O-O c4 10. f5 b5 11. f6 gxf6 12. Bh6 fxe5 13. dxe5 Ndxe5 14. Bxf8 Qxf8
15. Nxe5 Nxe5 16. Nxd5 exd5 17. Qxd5 Qh6+ 18. Kb1 Nc6 19. Be2 Qe6 20. Bf3 Qxd5
21. Rxd5 Rb8 22. Rh5 Nd4 23. Be4 Bb7 24. Bxh7+ Kg7 25. c3 Ne6 26. Bc2 Bc6 27.
Rf1 Nf8 28. Rhf5 Be8 29. g4 Ng6 30. g5 Rb6 31. Rd5 Re6 32. Bxg6 fxg6 33. h4 Bc6
34. Rd4 Bc5 35. Rdf4 Re7 36. a3 Be4+ 37. Ka2 Bd3 38. Rc1 a5 39. Rf6 b4 40. Rc6
b3+ 41. Ka1 Bxa3 42. bxa3 Re2 43. Rc7+ Kf8 44. Rf1+ Ke8 0-1

[Event "VI Open Capo d'Orso"]
[Site "Portomannu - Palau ITA"]
[Date "2014.06.07"]
[Round "7"]
[White "Rombaldoni, Axel"]
[Black "Bergsson, Stefan"]
[WhiteElo "2501"]
[BlackElo "2077"]
[Result "1-0"]
[PlyCount "59"]
[EventDate "2014.06.07"]

1. d4 f5 2. c4 Nf6 3. g3 e6 4. Bg2 Be7 5. Nf3 O-O 6. O-O d6 7. Nc3 Nc6 8. d5
Ne5 9. Nd4 Nxc4 10. dxe6 g6 11. Bh6 Re8 12. Bc6 bxc6 13. Nxc6 Bxe6 14. Nxd8
Raxd8 15. b3 Ne5 16. Nb5 Rd7 17. Nd4 Bd5 18. Bg5 Ne4 19. Bxe7 c5 20. Nb5 Bc6
21. f3 Bxb5 22. fxe4 Rexe7 23. exf5 gxf5 24. Rxf5 Rf7 25. Rxf7 Nxf7 26. Qd5 Kg7
27. a4 Bxe2 28. Re1 Bg4 29. h3 Bxh3 30. Qh5 1-0

[Event "VI Open Capo d'Orso"]
[Site "Portomannu - Palau ITA"]
[Date "2014.06.07"]
[Round "7"]
[White "Tischbierek, Raj"]
[Black "Graziani, Sergio"]
[WhiteElo "2414"]
[BlackElo "1911"]
[Result "1-0"]
[PlyCount "55"]
[EventDate "2014.06.07"]

1. e4 c6 2. Ne2 d5 3. e5 c5 4. d4 e6 5. c3 Qb6 6. Nd2 Bd7 7. Nf3 Ne7 8. dxc5
Qxc5 9. Ned4 Ng6 10. Bd3 Qc7 11. Qe2 Nc6 12. Nxc6 bxc6 13. h4 Bc5 14. h5 Ne7
15. h6 g6 16. Bg5 Ng8 17. O-O-O Be7 18. Qd2 Rb8 19. Bxe7 Kxe7 20. Qg5+ Kf8 21.
Rh4 Be8 22. Rd2 Qe7 23. Qf4 c5 24. Ng5 Rb7 25. Bxg6 hxg6 26. h7 Kg7 27. hxg8=Q+
Kxg8 28. Rxh8+ 1-0

[Event "VI Open Capo d'Orso"]
[Site "Portomannu - Palau ITA"]
[Date "2014.06.07"]
[Round "7"]
[White "Vita, Fabrizio"]
[Black "Thorhallsson, Throstur"]
[WhiteElo "2059"]
[BlackElo "2425"]
[Result "0-1"]
[PlyCount "70"]
[EventDate "2014.06.07"]

1. c4 e6 2. Nf3 d5 3. g3 Nf6 4. Bg2 Be7 5. O-O O-O 6. b3 c5 7. e3 Nc6 8. Bb2 b6
9. Nc3 Ba6 10. d3 Rc8 11. Qe2 Qd7 12. Rfd1 Rfd8 13. Rac1 Bb7 14. cxd5 Nxd5 15.
Nxd5 Qxd5 16. Ne1 Qd7 17. Qg4 Bf8 18. Bf6 Re8 19. Nc2 Na5 20. Bc3 Bxg2 21. Kxg2
Nb7 22. Kg1 Qc6 23. e4 Nd6 24. Ne3 Qb7 25. f4 f5 26. Qf3 fxe4 27. dxe4 Qxe4 28.
Kf2 Rcd8 29. Nc4 Qxf3+ 30. Kxf3 Nxc4 31. bxc4 Be7 32. Be5 Bf6 33. Bc7 Rc8 34.
Rd7 Re7 35. Rcd1 Rxc7 0-1

[Event "VI Open Capo d'Orso"]
[Site "Portomannu - Palau ITA"]
[Date "2014.06.07"]
[Round "8"]
[White "Aghayev, Miragha"]
[Black "Cavatorta, Fosco"]
[WhiteElo "2370"]
[BlackElo "1909"]
[Result "1-0"]
[PlyCount "71"]
[EventDate "2014.06.07"]

1. e4 d6 2. d4 Nf6 3. Nc3 c6 4. f4 Qa5 5. Bd3 e5 6. Nf3 exd4 7. Nxd4 g6 8. Nb3
Qc7 9. O-O Bg7 10. Kh1 O-O 11. Qf3 a5 12. a4 Na6 13. Be3 Nb4 14. Bg1 Re8 15. h3
b6 16. Rfd1 Bb7 17. Nd2 Rad8 18. Nc4 Nd7 19. Qg3 d5 20. exd5 cxd5 21. Nb5 Qc6
22. Ncd6 Re6 23. Nxb7 Qxb7 24. Bd4 f5 25. Bxf5 Re7 26. Bxg7 Rxg7 27. Be6+ Kh8
28. c3 Nc5 29. cxb4 Nxe6 30. bxa5 bxa5 31. Qe1 Nxf4 32. Rd4 Rf7 33. Rxf4 Rxf4
34. Qe5+ Qg7 35. Qxf4 Qxb2 36. Re1 1-0

[Event "VI Open Capo d'Orso"]
[Site "Portomannu - Palau ITA"]
[Date "2014.06.07"]
[Round "8"]
[White "Brunello, Sabino"]
[Black "Guidi, Giacomo G."]
[WhiteElo "2589"]
[BlackElo "1949"]
[Result "1-0"]
[PlyCount "61"]
[EventDate "2014.06.07"]

1. d4 Nf6 2. Bg5 e6 3. e3 Be7 4. Bd3 b6 5. Nf3 Bb7 6. Nbd2 d5 7. c3 Ne4 8. Bf4
Nd7 9. Qc2 Ndf6 10. Ne5 O-O 11. Nf1 c5 12. f3 Nd6 13. h4 c4 14. Be2 b5 15. g4
a5 16. Ng3 Nd7 17. g5 Nxe5 18. dxe5 Ne8 19. Nh5 Kh8 20. Kf2 Rg8 21. Rag1 b4 22.
Qd2 bxc3 23. bxc3 Nc7 24. Nf6 gxf6 25. gxf6 Bf8 26. Rxg8+ Kxg8 27. Qe1 Kh8 28.
Qg1 Ne8 29. Qg3 Nxf6 30. exf6 e5 31. Rg1 1-0

[Event "VI Open Capo d'Orso"]
[Site "Portomannu - Palau ITA"]
[Date "2014.06.07"]
[Round "8"]
[White "Caprio, Guido"]
[Black "Tischbierek, Raj"]
[WhiteElo "2424"]
[BlackElo "2414"]
[Result "0-1"]
[PlyCount "58"]
[EventDate "2014.06.07"]

1. d4 d5 2. c4 c6 3. e3 Nf6 4. Nc3 e6 5. Nf3 Nbd7 6. Qc2 b6 7. Bd3 Bb7 8. b3
dxc4 9. bxc4 c5 10. d5 exd5 11. cxd5 Nxd5 12. Nxd5 Bxd5 13. Bb2 c4 14. Be4 Bb4+
15. Ke2 Nc5 16. Bxd5 Qxd5 17. Rhd1 Qd3+ 18. Qxd3 Nxd3 19. Rxd3 cxd3+ 20. Kxd3
O-O 21. Nd4 Rfd8 22. a4 Rac8 23. Rb1 Bc5 24. Bc3 Rd7 25. Rb3 f6 26. g3 Kf7 27.
h3 g5 28. g4 Bxd4 29. Bxd4 Rc1 0-1

[Event "VI Open Capo d'Orso"]
[Site "Portomannu - Palau ITA"]
[Date "2014.06.07"]
[Round "8"]
[White "Depau, Alessandro"]
[Black "Tommasini, Enzo"]
[WhiteElo "1744"]
[BlackElo "2169"]
[Result "0-1"]
[PlyCount "56"]
[EventDate "2014.06.07"]

1. e4 e6 2. Nf3 d5 3. e5 c5 4. b4 cxb4 5. a3 Nc6 6. axb4 Bxb4 7. c3 Be7 8. d4
Bd7 9. Bd3 a6 10. O-O b5 11. Ne1 f5 12. g4 g6 13. gxf5 exf5 14. Ng2 Be6 15. Nf4
Kf7 16. Na3 Bxa3 17. Bxa3 Nge7 18. Qf3 Na5 19. Kh1 Nc8 20. Rg1 Nb6 21. Rae1
Nac4 22. Bxf5 Bxf5 23. e6+ Ke8 24. Nxg6 hxg6 25. Rxg6 Qh4 26. Rg8+ Rxg8 27.
Qxf5 Ra7 28. Bc5 Rh7 0-1

[Event "VI Open Capo d'Orso"]
[Site "Portomannu - Palau ITA"]
[Date "2014.06.07"]
[Round "8"]
[White "Friedrich, Norbert"]
[Black "Senesi, Glauco"]
[WhiteElo "2319"]
[BlackElo "1726"]
[Result "1-0"]
[PlyCount "131"]
[EventDate "2014.06.07"]

1. e4 e6 2. d4 d5 3. Nd2 c5 4. exd5 Qxd5 5. Ngf3 cxd4 6. Bc4 Qd6 7. O-O Nf6 8.
Nb3 Nc6 9. Nbxd4 Nxd4 10. Nxd4 a6 11. Re1 Be7 12. Bg5 Qc5 13. Bxf6 Bxf6 14.
Bxe6 O-O 15. Nb3 Qc7 16. Bxc8 Raxc8 17. c3 Rcd8 18. Qe2 Rd7 19. Rad1 Re7 20.
Qd3 Rxe1+ 21. Rxe1 h6 22. g3 Rd8 23. Qf3 Qb6 24. Rd1 Rxd1+ 25. Qxd1 Qb5 26. Qc2
Qb6 27. Qe2 Qd8 28. Nd2 Kf8 29. Ne4 Be7 30. Qd2 Qc7 31. Qd5 Qc8 32. Kg2 Qc7 33.
h4 Qb6 34. b3 Qc7 35. h5 Qb6 36. Qd7 f6 37. Qd5 Qc7 38. c4 Qc8 39. c5 Qc6 40.
Qf5 b6 41. cxb6 Qxb6 42. Qd5 a5 43. Kf3 Qc7 44. Kg4 Qc8+ 45. Kf4 Bb4 46. a4 Ke7
47. g4 Qc1+ 48. Kf3 Qh1+ 49. Kf4 Qc1+ 50. Kf5 Qc8+ 51. Kg6 Qxg4+ 52. Kh7 Qc8
53. Kxg7 Qf8+ 54. Kg6 Qe8+ 55. Kxh6 Qh8+ 56. Kg6 Qe8+ 57. Kh7 Qf7+ 58. Qxf7+
Kxf7 59. f3 Bf8 60. Ng3 Bd6 61. Nf5 Bf4 62. Nh6+ Kf8 63. Kg6 Bxh6 64. Kxh6 Kf7
65. f4 f5 66. Kg5 1-0

[Event "VI Open Capo d'Orso"]
[Site "Portomannu - Palau ITA"]
[Date "2014.06.07"]
[Round "8"]
[White "Ryzhkov, Vjacheslav"]
[Black "Neuschmied, Siegfried"]
[WhiteElo "2162"]
[BlackElo "2215"]
[Result "1/2-1/2"]
[PlyCount "73"]
[EventDate "2014.06.07"]

1. e4 d6 2. d4 Nf6 3. Nc3 g6 4. f4 Bg7 5. Nf3 O-O 6. Bd3 Na6 7. O-O c5 8. d5 e6
9. f5 exf5 10. exf5 Nb4 11. Nh4 Nxd3 12. Qxd3 Bd7 13. Qf3 Be8 14. g4 Nd7 15. g5
f6 16. Qg3 Ne5 17. Ne4 Kh8 18. gxf6 Bxf6 19. Nxf6 Qxf6 20. Bg5 Qg7 21. Qf4 gxf5
22. Kh1 Qf7 23. c4 Bd7 24. Nf3 Rae8 25. Rae1 Nxf3 26. Qxf3 Qg6 27. Rxe8 Qxe8
28. Bd2 h6 29. Re1 Qf7 30. Qf4 Qh5 31. Bc3+ Kh7 32. Qg3 Rf7 33. Rg1 Qg4 34.
Qxd6 Qf3+ 35. Rg2 Qf1+ 36. Rg1 Qf3+ 37. Rg2 1/2-1/2

[Event "VI Open Capo d'Orso"]
[Site "Portomannu - Palau ITA"]
[Date "2014.06.07"]
[Round "8"]
[White "Schandorff, Lars"]
[Black "Ni, Hua"]
[WhiteElo "2524"]
[BlackElo "2653"]
[Result "1/2-1/2"]
[PlyCount "54"]
[EventDate "2014.06.07"]

1. d4 Nf6 2. c4 e6 3. Nc3 Bb4 4. Qc2 d5 5. cxd5 exd5 6. Bg5 h6 7. Bxf6 Qxf6 8.
a3 Bxc3+ 9. Qxc3 c6 10. e3 O-O 11. Nf3 Bf5 12. Be2 Nd7 13. O-O Bg4 14. Rfc1 Nb6
15. Qb4 Qd8 16. Qa5 Bxf3 17. Bxf3 Nc4 18. Qxd8 Rfxd8 19. Be2 Nd6 20. b4 Rdc8
21. Rc5 Ne4 22. Rc2 a5 23. Rac1 Nd6 24. Rc5 axb4 25. axb4 Ra2 26. Bd3 Rca8 27.
b5 Ra1 1/2-1/2

[Event "VI Open Capo d'Orso"]
[Site "Portomannu - Palau ITA"]
[Date "2014.06.07"]
[Round "8"]
[White "Schneider, Stefan"]
[Black "Marin, Mihail"]
[WhiteElo "2362"]
[BlackElo "2578"]
[Result "0-1"]
[PlyCount "74"]
[EventDate "2014.06.07"]

1. d4 d6 2. Nf3 f5 3. g3 Nf6 4. Bg2 g6 5. O-O Bg7 6. b3 O-O 7. Bb2 Qe8 8. c4
Na6 9. Nbd2 e5 10. dxe5 Ng4 11. a3 dxe5 12. b4 e4 13. Bxg7 Kxg7 14. Ng5 e3 15.
Ndf3 exf2+ 16. Rxf2 Nxf2 17. Qd4+ Rf6 18. Kxf2 c5 19. Qf4 h6 20. b5 Nb8 21. Rd1
Qe7 22. Nh3 a6 23. Qd2 Be6 24. Ne5 axb5 25. cxb5 Bb3 26. Rb1 c4 27. Qd4 g5 28.
Nxc4 Bxc4 29. Qxc4 Nd7 30. Rc1 Rxa3 31. Bxb7 Qe3+ 32. Kf1 f4 33. Bf3 fxg3 34.
hxg3 Ne5 35. Qc5 Qxc5 36. Rxc5 Nxf3 37. exf3 Rfxf3+ 0-1

[Event "VI Open Capo d'Orso"]
[Site "Portomannu - Palau ITA"]
[Date "2014.06.07"]
[Round "8"]
[White "Shkapenko, Pavel"]
[Black "Rombaldoni, Axel"]
[WhiteElo "2412"]
[BlackElo "2501"]
[Result "1/2-1/2"]
[PlyCount "51"]
[EventDate "2014.06.07"]

1. e4 c6 2. d4 d5 3. exd5 cxd5 4. Bd3 Nf6 5. c3 g6 6. Nf3 Nc6 7. O-O Bg7 8. Re1
O-O 9. Bg5 h6 10. Bxf6 exf6 11. Nbd2 f5 12. Bb5 f4 13. Bxc6 bxc6 14. Ne5 Qc7
15. Qa4 c5 16. Nb3 c4 17. Nc5 Bf5 18. Nc6 Bf6 19. Nb4 Rfd8 20. Qc6 Qb6 21. Nca6
Qxc6 22. Nxc6 Rd6 23. Ncb4 Be6 24. a4 Rc8 25. a5 Kg7 26. Nc5 1/2-1/2

[Event "VI Open Capo d'Orso"]
[Site "Portomannu - Palau ITA"]
[Date "2014.06.07"]
[Round "8"]
[White "Teh, Eu Wen Aron"]
[Black "Lanzani, Mario"]
[WhiteElo "2228"]
[BlackElo "2295"]
[Result "1/2-1/2"]
[PlyCount "32"]
[EventDate "2014.06.07"]

1. d4 d5 2. c4 dxc4 3. e3 c5 4. Bxc4 cxd4 5. exd4 Qc7 6. Bb3 Bg4 7. f3 Bd7 8.
Ne2 e6 9. Nbc3 Nf6 10. Bf4 Bd6 11. Qd2 O-O 12. O-O Bc6 13. Rfd1 Nbd7 14. d5
exd5 15. Nxd5 Nxd5 16. Bxd5 Bxd5 1/2-1/2

[Event "VI Open Capo d'Orso"]
[Site "Portomannu - Palau ITA"]
[Date "2014.06.07"]
[Round "8"]
[White "Thorhallsson, Throstur"]
[Black "Hoenick, Andreas"]
[WhiteElo "2425"]
[BlackElo "2133"]
[Result "1-0"]
[PlyCount "39"]
[EventDate "2014.06.07"]

1. e4 e6 2. d4 d5 3. Nc3 Bb4 4. Bd3 dxe4 5. Bxe4 Nf6 6. Bf3 O-O 7. Nge2 e5 8.
Bg5 exd4 9. Qxd4 Qxd4 10. Nxd4 Re8+ 11. Kf1 c6 12. Bxf6 gxf6 13. Ne4 Kg7 14. c3
Bf8 15. g4 Be6 16. Nf5+ Bxf5 17. gxf5 Nd7 18. Rg1+ Kh8 19. Rd1 Re7 20. Rxd7 1-0

[Event "VI Open Capo d'Orso"]
[Site "Portomannu - Palau ITA"]
[Date "2014.06.07"]
[Round "8"]
[White "Ziegler, Ari"]
[Black "Beshukov, Sergei"]
[WhiteElo "2330"]
[BlackElo "2424"]
[Result "1/2-1/2"]
[PlyCount "22"]
[EventDate "2014.06.07"]

1. d4 Nf6 2. c4 d6 3. Nc3 Bf5 4. f3 e5 5. d5 e4 6. g4 Nxg4 7. fxg4 Qh4+ 8. Kd2
e3+ 9. Kxe3 Qg5+ 10. Kf2 Qh4+ 11. Ke3 Qg5+ 1/2-1/2

[Event "VI Open Capo d'Orso"]
[Site "Portomannu - Palau ITA"]
[Date "2014.06.07"]
[Round "9"]
[White "Beshukov, Sergei"]
[Black "Teh, Eu Wen Aron"]
[WhiteElo "2424"]
[BlackElo "2228"]
[Result "1-0"]
[PlyCount "169"]
[EventDate "2014.06.07"]

1. b3 e5 2. Bb2 Nc6 3. e3 Nf6 4. c4 Be7 5. a3 O-O 6. Qc2 d5 7. cxd5 Qxd5 8. Nc3
Qd6 9. Nf3 a6 10. Bd3 Rd8 11. Be2 Bg4 12. d3 Bf5 13. Ne4 Nxe4 14. dxe4 Bg4 15.
h3 Bxf3 16. Bxf3 Qd3 17. Qxd3 Rxd3 18. b4 Rad8 19. O-O Kf8 20. Rfd1 Rxd1+ 21.
Rxd1 Rxd1+ 22. Bxd1 Bd6 23. Bb3 Ke7 24. Kf1 f6 25. Ke2 Nb8 26. Bg8 h6 27. Kd3
Nd7 28. Kc2 c5 29. bxc5 Nxc5 30. Bd5 b6 31. Bc1 Kd7 32. f3 Ke7 33. Bc4 Kd7 34.
Bd2 Kc7 35. h4 Be7 36. Bc1 Bd6 37. h5 Be7 38. Bd2 Bd6 39. Bd5 Be7 40. Bc1 Bd6
41. f4 Kd7 42. g3 Ke7 43. Kd2 Kd7 44. Ke2 Kd8 45. Bd2 Na4 46. Bb3 Nc5 47. Bc2
Nd7 48. a4 b5 49. axb5 axb5 50. Ba5+ Ke7 51. Bd3 Nc5 52. Bxb5 exf4 53. gxf4
Nxe4 54. Kf3 f5 55. Bd3 Nf6 56. Bxf5 Nxh5 57. Bg6 Nf6 58. e4 Nd7 59. Bc3 Nf8
60. Bh5 g6 61. Bg4 Ne6 62. e5 Ba3 63. Bd2 Bc5 64. Ke4 Bg1 65. Bd1 Bh2 66. Be3
Kf7 67. Bb3 Ke7 68. Bc4 Bg3 69. Bd2 h5 70. Kf3 Bh2 71. Be3 h4 72. Kg4 Bg3 73.
Bd2 Kd7 74. Bd3 g5 75. Bb5+ Ke7 76. Bb4+ Kd8 77. f5 Nc7 78. f6 Bxe5 79. Be7+
Kc8 80. f7 Bg7 81. Bd3 Ne6 82. Bf5 Kd7 83. Bb4 Bh6 84. Kh5 Bg7 85. Kg6 1-0

[Event "VI Open Capo d'Orso"]
[Site "Portomannu - Palau ITA"]
[Date "2014.06.07"]
[Round "9"]
[White "Danieli, Enrico"]
[Black "Friedrich, Norbert"]
[WhiteElo "2044"]
[BlackElo "2319"]
[Result "1/2-1/2"]
[PlyCount "112"]
[EventDate "2014.06.07"]

1. Nc3 c5 2. Nf3 g6 3. e4 Bg7 4. h4 h5 5. d4 cxd4 6. Nxd4 Nc6 7. Be3 Nf6 8. f3
Qb6 9. Nf5 Qxb2 10. Nxg7+ Kf8 11. Nd5 Nxd5 12. exd5 Nb4 13. Rc1 Nxa2 14. Rb1
Qe5 15. Qd4 f6 16. Kd2 Qd6 17. Rb2 Qa3 18. Bd3 Qa5+ 19. c3 Nxc3 20. Qxc3 Qxd5
21. Rb5 Qa2+ 22. Rb2 Qd5 23. Ne8 Kxe8 24. Ke2 Qf7 25. Rc1 Kf8 26. Qd4 Kg7 27.
Bc4 e6 28. Rbc2 Qe7 29. Bd3 Re8 30. Qf4 Rh8 31. Bc5 Qf7 32. Bd6 Re8 33. Rc7 a6
34. Qg3 Rh8 35. R1c5 a5 36. Rc2 b6 37. Bb5 Ba6 38. Bxa6 Rxa6 39. Rb7 e5 40.
Bxe5 Qe6 41. Rxd7+ Qxd7 42. Rc7 Ra7 43. Rxd7+ Rxd7 44. Bc7 Re8+ 45. Kf2 Re6 46.
Bf4 Rde7 47. Bc1 Re1 48. Qf4 Kf7 49. Ba3 R7e2+ 50. Kg3 Rc2 51. Qd4 Ree2 52.
Qd7+ Kg8 53. Qd5+ Kg7 54. Qd7+ Kg8 55. Qd5+ Kg7 56. Qd7+ Kg8 1/2-1/2

[Event "VI Open Capo d'Orso"]
[Site "Portomannu - Palau ITA"]
[Date "2014.06.07"]
[Round "9"]
[White "Grinblat, Artemiy"]
[Black "Ryzhkov, Vjacheslav"]
[WhiteElo "2036"]
[BlackElo "2162"]
[Result "1/2-1/2"]
[PlyCount "23"]
[EventDate "2014.06.07"]

1. d4 d5 2. c4 c6 3. Nc3 Nf6 4. cxd5 cxd5 5. Nf3 Nc6 6. Bf4 Bf5 7. e3 e6 8. Bd3
Bxd3 9. Qxd3 Bd6 10. Bxd6 Qxd6 11. O-O O-O 12. Rac1 1/2-1/2

[Event "VI Open Capo d'Orso"]
[Site "Portomannu - Palau ITA"]
[Date "2014.06.07"]
[Round "9"]
[White "Lanzani, Mario"]
[Black "Bergsson, Stefan"]
[WhiteElo "2295"]
[BlackElo "2077"]
[Result "1-0"]
[PlyCount "111"]
[EventDate "2014.06.07"]

1. c4 c5 2. Nc3 Nc6 3. e3 e5 4. Nf3 Nf6 5. d4 cxd4 6. exd4 e4 7. Nd2 Bb4 8. a3
Bxc3 9. bxc3 d5 10. Be2 O-O 11. O-O Qa5 12. Nb3 Qa4 13. Bg5 dxc4 14. Nd2 Qxd1
15. Rfxd1 Nd5 16. Bxc4 Nxc3 17. Rdc1 Na4 18. d5 Nd4 19. Be7 Re8 20. d6 Bf5 21.
Nb3 Nc6 22. Bb5 Nb6 23. Bxc6 bxc6 24. Nd4 Bd7 25. Nxc6 f6 26. Rab1 Rac8 27.
Nxa7 Rxc1+ 28. Rxc1 Nd5 29. Rc5 Nxe7 30. Rc7 Nf5 31. Rxd7 Ra8 32. Nb5 Rb8 33.
a4 Nd4 34. h4 Nxb5 35. axb5 Rb6 36. Rd8+ Kf7 37. d7 Ke7 38. Rg8 Kxd7 39. Rxg7+
Ke6 40. Rxh7 Rxb5 41. h5 Rb1+ 42. Kh2 Rb2 43. h6 Rb5 44. g4 Rb2 45. Kg3 Rb3+
46. Kg2 e3 47. f4 e2 48. f5+ Ke5 49. Re7+ Kf4 50. h7 Rb8 51. Kf2 e1=Q+ 52. Kxe1
Rb1+ 53. Kd2 Rh1 54. Rg7 Rh3 55. g5 fxg5 56. f6 1-0

[Event "VI Open Capo d'Orso"]
[Site "Portomannu - Palau ITA"]
[Date "2014.06.07"]
[Round "9"]
[White "Marin, Mihail"]
[Black "Brunello, Sabino"]
[WhiteElo "2578"]
[BlackElo "2589"]
[Result "1/2-1/2"]
[PlyCount "26"]
[EventDate "2014.06.07"]

1. d4 d5 2. c4 c6 3. Nf3 Nf6 4. Nc3 dxc4 5. a4 e6 6. e3 c5 7. Bxc4 Nc6 8. O-O
Be7 9. Qe2 cxd4 10. Rd1 O-O 11. Nxd4 Nxd4 12. exd4 Nd5 13. Qf3 Nxc3 1/2-1/2

[Event "VI Open Capo d'Orso"]
[Site "Portomannu - Palau ITA"]
[Date "2014.06.07"]
[Round "9"]
[White "Movileanu, Daniela"]
[Black "Schneider, Stefan"]
[WhiteElo "2076"]
[BlackElo "2362"]
[Result "1/2-1/2"]
[PlyCount "154"]
[EventDate "2014.06.07"]

1. e4 e6 2. d4 d5 3. Nd2 Be7 4. Ngf3 Nf6 5. Bd3 c5 6. exd5 exd5 7. dxc5 a5 8.
a4 O-O 9. Nb3 Nbd7 10. Be3 Qc7 11. O-O Nxc5 12. Nxc5 Bxc5 13. Bxc5 Qxc5 14. h3
Re8 15. c3 Bd7 16. Qc2 Qc7 17. Rfe1 Qf4 18. Nd4 g6 19. Bb5 Bxb5 20. Nxb5 Re4
21. Nd4 Rae8 22. Red1 R8e7 23. Qb3 g5 24. g3 Qe5 25. Qb5 h5 26. Qd3 Re8 27. Kg2
g4 28. h4 b6 29. Qd2 Kg7 30. Nc6 Qf5 31. Qg5+ Qg6 32. Rd2 Re2 33. Qxg6+ Kxg6
34. Rad1 R2e4 35. Nd4 Rc8 36. Rd3 Re5 37. Nb5 Re2 38. R1d2 Rxd2 39. Rxd2 Rc4
40. Rd4 Rc6 41. Kf1 Ne4 42. Ke1 Rf6 43. Nc7 Nxf2 44. Nxd5 Rf3 45. Nf4+ Kh7 46.
Nxh5 Kh6 47. Nf4 Nh1 48. Ne2 Nxg3 49. Rxg4 Nxe2 50. Kxe2 Rh3 51. Kd2 Rh2+ 52.
Kc1 f5 53. Rf4 Kg6 54. b4 Kf6 55. bxa5 bxa5 56. Kd1 Ke5 57. Rc4 Kd5 58. Rd4+
Ke5 59. Rc4 f4 60. Ke1 Rxh4 61. Rc5+ Ke4 62. Rxa5 Rh1+ 63. Kf2 Rh2+ 64. Ke1 Ke3
65. Re5+ Kf3 66. a5 Rh1+ 67. Kd2 Ra1 68. Kd3 Kg3 69. Kc4 f3 70. Kb5 f2 71. Rf5
Rb1+ 72. Kc6 Rb3 73. Rxf2 Rxc3+ 74. Kb7 Rb3+ 75. Ka8 Kxf2 76. a6 Ke3 77. a7 Kd4
1/2-1/2

[Event "VI Open Capo d'Orso"]
[Site "Portomannu - Palau ITA"]
[Date "2014.06.07"]
[Round "9"]
[White "Neuschmied, Siegfried"]
[Black "Shkapenko, Pavel"]
[WhiteElo "2215"]
[BlackElo "2412"]
[Result "0-1"]
[PlyCount "76"]
[EventDate "2014.06.07"]

1. e4 Nf6 2. e5 Nd5 3. d4 d6 4. Nf3 dxe5 5. Nxe5 c6 6. Bd3 Nd7 7. Qe2 Nb4 8.
Be4 Nf6 9. c3 Nxe4 10. Qxe4 Qd5 11. Qxd5 Nxd5 12. O-O f6 13. Nd3 Bf5 14. Nf4 g5
15. Nxd5 cxd5 16. f4 g4 17. Be3 e6 18. Nd2 Kd7 19. Bf2 Bd3 20. Rfe1 Bd6 21. g3
Rac8 22. Rad1 Bf5 23. Nf1 h5 24. Ne3 Be4 25. c4 Bb4 26. cxd5 Bxe1 27. dxe6+
Kxe6 28. Bxe1 Bf3 29. Ra1 Kd7 30. Bc3 h4 31. gxh4 Rxh4 32. Be1 Rh7 33. Bg3 Re7
34. Re1 Rce8 35. Kf2 Re4 36. h3 f5 37. hxg4 fxg4 38. b3 Rxd4 0-1

[Event "VI Open Capo d'Orso"]
[Site "Portomannu - Palau ITA"]
[Date "2014.06.07"]
[Round "9"]
[White "Ni, Hua"]
[Black "Tischbierek, Raj"]
[WhiteElo "2653"]
[BlackElo "2414"]
[Result "1-0"]
[PlyCount "53"]
[EventDate "2014.06.07"]

1. c4 Nf6 2. Nf3 e6 3. g3 a6 4. Bg2 b5 5. b3 Bb7 6. O-O c5 7. Nc3 Qa5 8. e3 Be7
9. Qe2 O-O 10. Rd1 bxc4 11. bxc4 Nc6 12. Ne5 Qc7 13. d4 Nxe5 14. Bxb7 Ra7 15.
dxe5 Qxe5 16. Rb1 Qxc3 17. Bb2 Qa5 18. Bxf6 Bxf6 19. Rxd7 g6 20. Rbd1 Kg7 21.
Qg4 Re8 22. Qf4 Qb6 23. Qe4 Re7 24. R1d6 Qb2 25. Rxe7 Bxe7 26. Rd7 Kf8 27. Qc6
1-0

[Event "VI Open Capo d'Orso"]
[Site "Portomannu - Palau ITA"]
[Date "2014.06.07"]
[Round "9"]
[White "Rombaldoni, Axel"]
[Black "Ziegler, Ari"]
[WhiteElo "2501"]
[BlackElo "2330"]
[Result "1-0"]
[PlyCount "75"]
[EventDate "2014.06.07"]

1. e4 e6 2. d4 d5 3. Nd2 Nf6 4. e5 Nfd7 5. Bd3 c5 6. c3 Nc6 7. Ne2 cxd4 8. cxd4
f6 9. exf6 Nxf6 10. O-O Bd6 11. Nf3 O-O 12. Bf4 Bxf4 13. Nxf4 Ne4 14. Qc1 Qf6
15. Ne2 e5 16. dxe5 Nxe5 17. Nxe5 Qxe5 18. Qe3 Qxb2 19. Nf4 Bf5 20. Rab1 Qxa2
21. Qd4 Rf7 22. Nxd5 Nd6 23. Rb2 Qxb2 24. Qxb2 Bxd3 25. Rd1 Bg6 26. Qe5 Nf5 27.
h3 Raf8 28. f3 a6 29. Qe1 Kh8 30. Nf4 Re7 31. Qb4 Rfe8 32. g4 Nh4 33. Rd8 Rxd8
34. Qxe7 Nxf3+ 35. Kf2 Rb8 36. Kxf3 b5 37. h4 Bb1 38. g5 1-0